Pays les plus proches de la Corée du Nord - une minute sprint - Statistiques

Statistiques générales
  • Ce quiz a été pris 80 fois
  • Le résultat moyen est 14 sur 20
Statistiques - réponses
km pays % Correct
0 Chine
100%
0 Corée du Sud
100%
0 Russie
99%
418 Japon
93%
3014 Thaïlande
87%
2440 Viêt Nam
87%
1439 Taïwan
86%
768 Mongolie
84%
2849 Inde
81%
2766 Laos
81%
3203 Cambodge
76%
1941 Philippines
70%
3492 Malaisie
66%
2731 Myanmar
61%
3357 Bhoutan
60%
3135 Etats-Unis
47%
3357 Bangladesh
46%
3092 Kazakhstan
41%
3425 Palaos
19%
3355 Micronésie
16%
Aucun quiz correspondant
Distribution des résultats
% des personnes avec chaque résultat
Percentile par nombre de réponses
Votre historique - résultats
Vous n’avez pas pris ce quiz